Generazione X

Furkejuvvon:
Bibliográfalaš dieđut
Váldodahkki: Coupland Douglas
Materiálatiipa: Girji
Giella:meroštallameahttun
Almmustuhtton: Milano Interno Giallo 1992
Fáddágilkorat: Lasit fáddágilkoriid
Eai fáddágilkorat, Lasit vuosttaš fáddágilkora!

MARC

LEADER 00000nam a2200000Ia 4500
001 66
003 NUMERAZIONE-ORIGINALE-BRESCIA
005 20260206230747.0
008 260206s9999 xx 000 0 und d
100 |a Coupland Douglas 
245 0 |a Generazione X 
260 |a Milano 
260 |b Interno Giallo 
260 |c 1992 
500 |a Interni 
500 |a Manuale per una cultura accelerata 
942 |2 ddc  |c BK  |n 0 
952 |0 0  |1 0  |2 ddc  |4 0  |6 21  |7 0  |9 28252  |a BS  |b BS  |d 2026-02-06  |i 66  |l 0  |o 2-1-*  |r 2026-02-06 22:40:31  |w 2026-02-06  |x [REVISIONARE]  |y BK 
999 |c 23948  |d 23948